00365nam a2200145Ia 4500008004100000082000800041100001900049245005000068250000600118260002800124300001000152500002400162650001500186700001800201230524s9999 xx 000 0 und d bVAS aNeeru Vasishth 0aBusiness Ethics and Values: With Case Studies a2 aNew DelhibTaxmanc2015 a276p; aQuantity Number: 1 aManagement aNamita Rajput